[Event "BL Meisterschaftsturnier 2020"]
[Site "Karlsruhe"]
[Date "2020.09.17"]
[Round "2.11"]
[White "Sprenger, Jan Michael"]
[Black "Korobov, Anton"]
[Result "0-1"]
[WhiteElo "2482"]
[BlackElo "2688"]
[Annotator "TA"]
[PlyCount "130"]
[EventDate "2020.09.16"]
[EventType "team-tourn"]
[EventCountry "GER"]
[SourceTitle "playchess.com"]
[Source "ChessBase"]
[SourceQuality "1"]
[WhiteTeam "SF Berlin"]
[BlackTeam "Viernheim"]

{[%evp 31,130,22,40,18,41,37,63,-9,-1,-110,-112,-112,-106,-108,-70,-123,-119,-183,-172,-170,-182,-179,-195,-166,-141,-137,-141,-136,-131,-121,-32,-14,-38,-51,0,-25,-21,-49,-13,-13,-8,-14,-14,-8,0,-208,-208,-208,-208,-208,-208,-208,-196,-201,-199,-204,-206,-215,-215,-215,-222,-215,-215,-240,-215,-421,-421,-421,-389,-856,-714,-849,-829,-977,-904,-780,-361,-361,-339,-29941,-29940,-12685,-12685,-8506,-7056,-29970,-29973,-29972,-29974,-29978,-29979,-29979,-29980,-29984,-29985,-29985,-29986,-29986,-29987,-29987,-29988]} 1. e4 c5 2. Nf3 d6 3. d4 cxd4 4. Nxd4 Nf6 5. Nc3 a6 6. Be2 e6 7. a4 Be7 8. O-O O-O 9. f4 Qc7 10. Kh1 Nc6 11. Be3 Bd7 12. Nb3 b6 13. Bf3 Bc8 14. g4 Bb7 15. g5 Nd7 16. Bg2 Rfe8 17. Qd2 {B85: Sicilian Scheveningen: 6 Be2 a6, lines with early Be3.} Na5 18. Nxa5 bxa5 {[#]} 19. Ne2 $146 ({Better is} 19. Rad1 $14) ({Predecessor:} 19. Qf2 Bf8 20. Rad1 Rac8 21. Rd3 Qd8 22. Bd4 Rc4 23. Rh3 Be7 24. b3 Rc8 25. Nd1 {1-0 (40) Polzin,R (2514)-Shchekachev,A (2570) Austria 2006}) 19... Rac8 $11 20. Ng3 (20. Rac1 $11 {remains equal.}) 20... Qxc2 $17 21. Qxa5 Qb3 22. Qe1 Rc2 23. Bd4 (23. Rf3 $15) 23... e5 24. Bc3 (24. Ra3 $17 Qe6 25. Be3) 24... exf4 25. Rxf4 Bxg5 26. Rf3 Rxg2 27. Kxg2 Nc5 {[%cal Rc5e4]} 28. Bd4 Qe6 $1 {[%cal Rc5e4]} 29. Bxc5 dxc5 30. Qc3 {[#]} Bxe4 (30... Qg6 $1 $17 {aiming for ...Rxe4.} 31. Kf2 Bh4) 31. Nxe4 $15 Qxe4 32. Qxc5 h6 (32... Bf4 $15 33. b3 Rd8) 33. Raf1 Qg4+ 34. Rg3 Qxa4 35. Qd5 Re2+ 36. Kh1 Qe8 $36 {[%mdl 2048] Black has some pressure.} 37. Rgf3 {[%cal Rf3f7]} Bf6 38. Rxf6 $2 {Black keeps a firm grip on the game.} (38. b3 $11) 38... gxf6 $11 {[%mdl 4096] Endgame KQR-KQR} 39. Rg1+ Kh8 40. Qf3 Qe4 41. Qxe4 Rxe4 $19 {KR-KR} 42. Ra1 {[#]} Re6 $1 43. Ra5 Kg7 44. Kg2 Kg6 45. Kf3 f5 46. b4 Rb6 47. Kg3 Kg5 48. h4+ $2 (48. Ra4 {might work better.}) 48... Kg6 49. Kf3 f6 50. Kg3 $2 (50. Ra4) 50... h5 51. Ra3 Rxb4 52. Rxa6 Rg4+ 53. Kf3 Rxh4 54. Ra8 Rg4 55. Rg8+ $2 (55. Rb8 $19) 55... Kh7 56. Rf8 Kg7 57. Ra8 h4 58. Ra7+ Kg6 {Black mates.} 59. Ra8 Rg5 60. Ra4 h3 61. Ra2 Rh5 62. Kg3 {[#]} h2 $1 63. Rxh2 {[#]} f4+ $1 64. Kg2 (64. Kxf4 Rxh2) 64... Rxh2+ 65. Kxh2 Kf5 {Accuracy: White = 56%, Black = 83%.} 0-1

[Event "BL Meisterschaftsturnier 2020"]
[Site "Karlsruhe"]
[Date "2020.09.17"]
[Round "2.12"]
[White "Adams, Michael"]
[Black "Fedorovsky, Michael"]
[Result "1-0"]
[WhiteElo "2706"]
[BlackElo "2422"]
[Annotator "TA"]
[PlyCount "59"]
[EventDate "2020.09.16"]
[EventType "team-tourn"]
[EventCountry "GER"]
[SourceTitle "playchess.com"]
[Source "ChessBase"]
[SourceQuality "1"]
[WhiteTeam "Baden-Baden"]
[BlackTeam "Bayern Muenchen"]

{[%evp 15,59,0,6,14,11,11,21,16,18,22,35,36,49,41,62,59,86,80,88,73,77,51,86,80,112,120,279,281,406,393,382,405,386,387,415,418,433,358,319,297,625,596,29961,6407,29982,29967]} 1. e4 c5 2. Nf3 Nc6 3. Bb5 g6 4. O-O Bg7 5. c3 Nf6 6. Re1 O-O 7. d4 d5 {The modern move.} 8. e5 Ne4 9. Be3 {B31: Sicilian: 2...Nc6 3 Bb5 g6.} cxd4 10. cxd4 f6 {[#]} 11. Nc3 $146 {The position is equal.} ({Predecessor:} 11. exf6 Bxf6 12. Nbd2 Nxd2 13. Qxd2 Bg4 14. Bxc6 bxc6 15. Ne5 Bd7 16. Rac1 Rc8 17. Bg5 Bxg5 18. Qxg5 {1-0 (63) Gara,T (2377)-Maisuradze,N (2315) Mexico City 2012}) 11... Nxc3 12. bxc3 Bg4 {[%cal Rf6e5]} 13. exf6 Bxf6 14. Be2 Qd6 15. h3 Bf5 16. Qd2 Rad8 17. Rad1 a6 18. Bf4 Qa3 19. h4 Rfe8 20. h5 e5 $2 (20... e6 $16 {is a better defense.}) 21. dxe5 $18 Nxe5 (21... Bh8 {was necessary.} 22. hxg6 hxg6) 22. Nxe5 Bxe5 23. Bxe5 Rxe5 24. Bf3 {[%mdl 64] [#] Discovered Attack} Qd6 25. Rxe5 Qxe5 26. Bxd5+ Kh8 27. h6 Be4 $2 (27... Be6) 28. c4 {[#] Re1! is the strong threat.} b5 29. Qe2 bxc4 30. Bxe4 {Black got outplayed after the opening. Accuracy: White = 100%, Black = 33%.} 1-0

[Event "BL Meisterschaftsturnier 2020"]
[Site "Karlsruhe"]
[Date "2020.09.17"]
[Round "2.12"]
[White "Kovalenko, Igor"]
[Black "Blohberger, Felix"]
[Result "1-0"]
[WhiteElo "2645"]
[BlackElo "2467"]
[Annotator "TA"]
[PlyCount "95"]
[EventDate "2020.09.16"]
[EventType "team-tourn"]
[EventCountry "GER"]
[SourceTitle "playchess.com"]
[Source "ChessBase"]
[SourceQuality "1"]
[WhiteTeam "Viernheim"]
[BlackTeam "SF Berlin"]

{[%evp 9,95,0,13,-10,-10,-26,-18,-27,-26,-22,-18,-16,-18,-31,-19,-35,-24,-61,-58,-50,-28,-34,-23,-33,-30,-29,-33,-33,58,58,144,147,129,131,120,121,120,114,222,230,225,224,220,218,209,215,218,211,209,193,317,313,318,311,292,283,273,278,264,238,289,289,276,272,368,369,368,362,340,358,324,280,386,379,551,542,571,466,564,566,572,451,558,549,617,441,417,385]} 1. c4 e5 2. g3 c6 3. d4 Bb4+ 4. Nc3 d6 5. Nf3 {[#]} e4 $146 ({Predecessor:} 5... Nd7 6. Bg2 Ngf6 7. O-O O-O 8. Qc2 Re8 9. a3 Ba5 10. dxe5 dxe5 11. b4 Bc7 {½-½ (20) Makarov,M (2545)-Raetsky,A (2440) Cappelle-la-Grande 1997}) 6. Nh4 {A20: English Opening: 1...e5.} Nf6 7. Bd2 (7. Bg5 {is more complex.} Nbd7 8. Qb3 a5 9. Nf5 O-O 10. a3) 7... Bxc3 8. Bxc3 {The position is equal.} d5 9. b3 O-O 10. Ng2 Bh3 11. Qd2 Na6 {[%cal Bb8a6,Ba6c7,Bc7e6,Be6d4,Bd4f5,Bf5e3][%mdl 32]} 12. a4 Nc7 13. Bb4 Re8 14. Ne3 Bxf1 15. Kxf1 Qd7 16. h3 Rad8 17. Rd1 Ne6 18. Bc3 c5 (18... g6 $15) 19. Qb2 $14 dxc4 {[#] White now steadily converts the win.} (19... h5 $1 $14) 20. d5 $1 $16 Nd4 21. bxc4 Nf5 {and if ...Nxe3+ works, Black does fine.} 22. Bxf6 Nxe3+ 23. fxe3 Qf5+ (23... gxf6 $16 {keeps fighting.} 24. Qxf6 Qxa4) 24. Kg2 $18 Qxf6 25. Qxf6 (25. Qxb7 Qc3 $14) 25... gxf6 {[%mdl 4096] Endgame KRR-KRR} 26. Rb1 b6 27. Rb5 Rd6 28. Rhb1 Kf8 29. a5 Ra8 (29... bxa5 $142 30. Rxa5 (30. Rxc5 Rb6 $18) 30... Rb6) 30. g4 (30. axb6 axb6 31. Rxb6 Rxb6 $16) 30... Ke7 31. Kg3 (31. axb6 axb6 32. Rxb6 Ra4 $16) 31... f5 32. Ra1 ({Don't take} 32. axb6 $6 axb6 33. Rxb6 (33. gxf5 Ra4 $16) 33... Rxb6 $16) 32... Rg8 33. axb6 axb6 34. Ra7+ Kf6 35. Kf4 fxg4 36. hxg4 Rg6 37. Rb7 Kg7 38. g5 h6 39. gxh6+ ({Inferior is} 39. Kxe4 hxg5 40. Kf3 Rdf6+ 41. Kg3 Rh6 $11) 39... Rxh6 40. Kxe4 Rdg6 41. Kd3 Kf8 (41... Kg8 $142 42. Rb2 f5) 42. Rb1 Rf6 43. Ra1 Kg7 44. Rg1+ Kf8 45. Rb8+ Ke7 46. Rgg8 Rd6 47. Rb7+ Rd7 48. Rgb8 {Accuracy: White = 95%, Black = 57%.} 1-0

[Event "BL Meisterschaftsturnier 2020"]
[Site "Karlsruhe"]
[Date "2020.09.17"]
[Round "2.13"]
[White "Jakubowski, Krzysztof"]
[Black "Abergel, Thal"]
[Result "1-0"]
[WhiteElo "2481"]
[BlackElo "2460"]
[Annotator "TA"]
[PlyCount "65"]
[EventDate "2020.09.16"]
[EventType "team-tourn"]
[EventCountry "GER"]
[SourceTitle "playchess.com"]
[Source "ChessBase"]
[SourceQuality "1"]
[WhiteTeam "SF Berlin"]
[BlackTeam "Viernheim"]

{[%evp 24,65,31,16,48,39,37,43,41,25,26,18,16,18,26,14,21,30,85,83,83,76,85,85,85,76,77,77,86,77,94,90,135,133,257,256,392,334,379,269,370,354,1021,966]} 1. e4 c5 2. Nc3 e6 3. Nge2 Nc6 4. d4 cxd4 5. Nxd4 Nf6 6. Ndb5 Bb4 7. a3 Bxc3+ 8. Nxc3 d5 9. exd5 exd5 10. Bd3 O-O 11. O-O d4 12. Ne2 Bg4 13. Bg5 Re8 {B45: Sicilian Four Knights.} 14. Re1 Qd6 15. Qd2 Bxe2 {White is slightly better.} 16. Rxe2 {is the legacy move (16.Bf4).} Rxe2 17. Qxe2 Re8 18. Qd2 {[#]} Nd7 $146 ({Predecessor:} 18... h6 19. Bxf6 Qxf6 20. Rd1 Qe5 21. Bf1 Qh5 22. b4 Re6 23. f4 a6 24. Rb1 Re3 {½-½ (32) Ponomariov,R (2726)-Andreikin,D (2625) Alushta 2009}) 19. Re1 Rxe1+ 20. Qxe1 Nf8 (20... Nde5 $11) 21. Qe4 $16 g6 22. b4 a6 23. Bc4 Ne6 24. Bc1 b5 25. Bd5 Ne7 26. Bb3 Nc6 27. g3 Ne5 {[#]} 28. Bh6 $1 {Strongly threatening Bxe6.} Nc4 (28... Nc6 $16 29. h3 Ncd8) 29. Qa8+ $18 Qd8 (29... Nf8 $142 30. Bxf8 {[%mdl 64] Overworked Piece} Qxf8 31. Qxa6 d3) 30. Qxa6 Nc7 31. Qb7 d3 32. cxd3 Nxa3 $2 {[#]} (32... Nd6 33. Qa7 Nf5) 33. Qa7 {Accuracy: White = 94%, Black = 42%.} 1-0

[Event "BL Meisterschaftsturnier 2020"]
[Site "Karlsruhe"]
[Date "2020.09.17"]
[Round "2.13"]
[White "Lokander, Martin"]
[Black "Vallejo Pons, Francisco"]
[Result "1/2-1/2"]
[WhiteElo "2406"]
[BlackElo "2710"]
[Annotator "TA"]
[PlyCount "72"]
[EventDate "2020.09.16"]
[EventType "team-tourn"]
[EventCountry "GER"]
[SourceTitle "playchess.com"]
[Source "ChessBase"]
[SourceQuality "1"]
[WhiteTeam "Bayern Muenchen"]
[BlackTeam "Baden-Baden"]

{[%evp 11,72,3,4,2,0,11,6,0,8,0,12,-6,-7,-6,0,-7,0,0,27,27,78,39,27,-2,10,-1,-5,-29,-29,-33,-29,-34,-29,-29,-34,-33,-22,-47,-38,-39,-8,-16,0,-43,-2,0,0,-68,-31,-52,-52,-49,-41,-83,-53,-63,-78,-86,-38,-47,-48,-47,-38]} 1. d4 Nf6 2. Bf4 g6 3. Nf3 Bg7 4. e3 O-O 5. Nbd2 d5 6. c3 b6 7. Be2 {D02: 1 d4 d5 2 Nf3 sidelines, including 2...Nf6 3 g3 and 2...Nf6 3 Bf4.} c5 8. O-O Nc6 9. Ne5 {The position is equal.} Bb7 10. Qa4 Qc8 {[#]} 11. b4 $146 {[%cal Bb2b4,Bb4b5][%mdl 32]} ({Predecessor:} 11. Qa3 Nd8 12. Bg3 Ne6 13. Rad1 Rd8 14. b4 a5 15. bxc5 bxc5 16. Rb1 Ba6 17. Bxa6 Qxa6 {½-½ (52) Schleining,Z (2340)-Schneider,V (2313) Valjevo 2012}) 11... c4 12. Nxc6 Bxc6 13. b5 Bd7 14. Qb4 a5 15. Qxe7 Re8 $1 {[%cal Re8e7]} 16. Qa3 a4 17. Bd6 Bxb5 18. Qb2 Qd7 19. Ba3 Bc6 20. Rab1 b5 21. Rfe1 Qc7 22. Bd1 Rad8 23. Nf1 Nd7 24. f3 Re6 25. Qf2 Rde8 26. Bc2 f5 27. Re2 Qa5 28. Bb4 Qd8 29. Rbe1 (29. h3 $11) 29... Bf6 30. Nd2 Bh4 31. g3 Be7 32. Rb1 a3 33. Qe1 Bxb4 34. cxb4 Nb8 35. f4 Qe7 {[%cal Re6e3]} 36. Kf2 Nd7 {Accuracy: White = 77%, Black = 76%.} 1/2-1/2

[Event "BL Meisterschaftsturnier 2020"]
[Site "Karlsruhe"]
[Date "2020.09.17"]
[Round "2.14"]
[White "Naiditsch, Arkadij"]
[Black "Rafiee, Makan"]
[Result "1-0"]
[WhiteElo "2624"]
[BlackElo "2334"]
[Annotator "TA"]
[PlyCount "83"]
[EventDate "2020.09.16"]
[EventType "team-tourn"]
[EventCountry "GER"]
[SourceTitle "playchess.com"]
[Source "ChessBase"]
[SourceQuality "1"]
[WhiteTeam "Baden-Baden"]
[BlackTeam "Bayern Muenchen"]

{[%evp 16,83,13,0,15,28,21,0,0,-8,35,29,49,50,82,85,85,85,85,85,83,83,88,87,84,91,85,91,89,88,131,115,146,137,148,139,297,155,148,133,127,132,123,84,146,143,152,135,149,147,169,179,162,152,172,144,217,217,427,215,557,531,617,604,29987,613,29988,29989,29993,29994]} 1. e4 e5 2. Nf3 Nc6 3. Bb5 a6 4. Ba4 Nf6 5. O-O Be7 6. d3 b5 7. Bb3 d6 8. a3 O-O 9. Nc3 Na5 {outshines the older 9...Bg4. C77: Ruy Lopez: 3...a6 4 Ba4 Nf6, unusual lines.} 10. Ba2 c5 11. Be3 $5 {[%mdl 4] Exploring less charted territory.} Be6 {The position is equal.} 12. Nd5 Nc6 13. c3 Rc8 14. b4 {[#]} c4 $146 ({Predecessor:} 14... Nb8 15. Nxf6+ Bxf6 16. Bxe6 fxe6 17. a4 cxb4 18. cxb4 Nc6 19. axb5 axb5 20. Qb3 Qd7 21. Rfc1 Ra8 22. h3 {½-½ (22) Jovanovic,Z (2541)-Kuljasevic,D (2558) Opatija 2015}) 15. dxc4 Nxe4 16. Qd3 Bxd5 17. cxd5 Nf6 18. dxc6 {[#] aiming for Nh4.} e4 19. Qd1 {And now Nd4 would win.} exf3 20. Qxf3 Qc7 21. c4 {cxb5 is the strong threat.} Qxc6 22. Rac1 Qd7 23. Rfd1 bxc4 24. Bxc4 Qa4 25. Bd4 a5 $2 (25... d5 $16 {was called for.}) 26. Bb3 (26. Qe2 $18) 26... Qb5 $16 27. bxa5 {Hoping for Bc2.} Qxa5 28. Rxc8 Rxc8 29. Qb7 Qd8 ({Black should play} 29... Qc7 30. Qxc7 Rxc7) 30. Bxf6 Bxf6 31. Qxf7+ Kh8 32. g3 Qa5 33. a4 Be5 34. h4 Qa8 35. Qd5 Qa7 (35... g6 $16 36. Qxa8 Rxa8) 36. Kg2 $18 Qa6 $2 {[#]} (36... Qb8 {is a better defense.} 37. Rb1 Rf8) 37. Rd3 $40 {[%mdl 128] White attacks with force.} (37. Rc1 $142 $1 {[%mdl 512]}) 37... Re8 $2 (37... Qa8 {is more resistant.} 38. Qxa8 Rxa8) 38. h5 Qc8 39. Rf3 Rf8 40. Rxf8+ Qxf8 41. a5 {[%cal Ba4a5,Ba5a6][%mdl 32]} Qb8 42. a6 {Accuracy: White = 82%, Black = 44%.} 1-0

[Event "BL Meisterschaftsturnier 2020"]
[Site "Karlsruhe"]
[Date "2020.09.17"]
[Round "2.14"]
[White "Tarlev, Konstantin"]
[Black "Schmidek, Emil"]
[Result "1/2-1/2"]
[WhiteElo "2561"]
[BlackElo "2395"]
[Annotator "TA"]
[PlyCount "66"]
[EventDate "2020.09.16"]
[EventType "team-tourn"]
[EventCountry "GER"]
[SourceTitle "playchess.com"]
[Source "ChessBase"]
[SourceQuality "1"]
[WhiteTeam "Viernheim"]
[BlackTeam "SF Berlin"]

{[%evp 28,66,12,10,35,23,36,32,32,14,54,48,83,52,52,52,58,51,54,43,50,38,30,27,36,31,30,29,38,33,27,39,557,458,29995,13,29964,197,2096,82,82]} 1. e4 e5 2. Nf3 Nc6 3. Bb5 a6 4. Ba4 Nf6 5. O-O Be7 6. Re1 b5 7. Bb3 d6 8. c3 O-O 9. h3 Nb8 10. d4 Nbd7 11. Nbd2 Bb7 12. Bc2 Re8 13. Nf1 Bf8 14. Bg5 h6 15. Bh4 Be7 {C95: Closed Ruy Lopez: Breyer Variation with 10 d4.} 16. a4 c5 {[#]} 17. dxe5 $146 ({Predecessor:} 17. axb5 axb5 18. Rxa8 Qxa8 19. dxe5 Nxe5 20. Bxf6 Bxf6 21. Qxd6 Nxf3+ 22. gxf3 Qc8 23. Qg3 {1-0 (43) Do,T (1911)-Tran,D (2052) Ho Chi Minh 2019}) 17... dxe5 {White is slightly better.} 18. Ne3 Qc7 ({Don't blunder} 18... Bxe4 $2 19. Bxe4 Nxe4 20. Bxe7 $18) 19. c4 Bf8 20. axb5 (20. Nd2 {feels hotter.} Bc6 21. Nd5 Qb7 22. Qf3 bxc4 23. Nxf6+ Nxf6 24. Nxc4 Qb4 25. b3) 20... axb5 21. Rxa8 Bxa8 22. cxb5 Nxe4 23. Nd5 (23. Ng4 {seems wilder.} Nd6 24. Ngxe5 c4 25. Bg3 Nf6 26. Re2) 23... Bxd5 $1 24. Qxd5 Nd6 25. Nxe5 Nxe5 26. Rxe5 $40 {[%mdl 128] White attacks.} Rxe5 27. Qxe5 Nxb5 28. Qe4 {[%csl Gc2][%cal Re4h7]} g6 29. Bb3 Kh8 $2 {[%mdl 8192] [#]} ({Better is} 29... Kg7 $1 $14) 30. Qe8 $1 {[%mdl 512]} Nd4 (30... Kg7 $18 31. Qxb5 Bd6) 31. Bc4 $2 (31. Qxf8+ Kh7 32. Bf6 Qh2+ {[%mdl 64] Decoy} 33. Kxh2 Nf3+ 34. gxf3 h5 35. Qh8#) 31... Qf4 $2 {[%mdl 8192]} (31... Kg7 $11) 32. b3 $2 (32. Qxf8+ {mates} Kh7 33. Bxf7 Ne2+ {[#]} 34. Kf1 $1 {[%mdl 512]} Qc1+ 35. Kxe2 Qxb2+ 36. Kf3 Qg7 37. Qe7 Qc3+ 38. Kg4 Qd4+ 39. f4) 32... Ne2+ $2 (32... Ne6 33. Bxe6 fxe6) 33. Qxe2 $2 (33. Bxe2 $18 {is the precise move to win.} Kg7 34. Bg3) 33... Qxh4 {Accuracy: White = 59%, Black = 36%.} 1/2-1/2

[Event "BL Meisterschaftsturnier 2020"]
[Site "Karlsruhe"]
[Date "2020.09.17"]
[Round "2.15"]
[White "Schenk, Andreas"]
[Black "Bacrot, Etienne"]
[Result "0-1"]
[WhiteElo "2431"]
[BlackElo "2673"]
[Annotator "TA"]
[PlyCount "96"]
[EventDate "2020.09.16"]
[EventType "team-tourn"]
[EventCountry "GER"]
[SourceTitle "playchess.com"]
[Source "ChessBase"]
[SourceQuality "1"]
[WhiteTeam "Bayern Muenchen"]
[BlackTeam "Baden-Baden"]

{[%evp 16,96,23,20,18,20,16,22,22,4,5,6,5,5,5,6,14,6,8,0,8,0,4,0,0,0,0,0,0,0,0,0,0,0,0,0,0,-14,-10,-18,-8,-6,-7,-36,0,-16,-14,-76,0,-28,0,-52,-7,-57,0,-34,-35,-68,-67,-61,-51,-67,-58,-166,-172,-165,-166,-236,-206,-418,-520,-559,-400,-509,-678,-564,-563,-534,-542,-772,-758,-1125,-1117]} 1. d4 d5 2. c4 e6 3. Nf3 Nf6 4. Nc3 Be7 5. Bf4 O-O 6. e3 b6 7. Bd3 dxc4 8. Bxc4 Bb7 9. O-O Nbd7 {D37: Queen's Gambit Declined: 5 Bf4.} 10. Qe2 Nd5 11. Nxd5 exd5 {The position is equal.} 12. Ba6 {[#]} Bxa6 $146 ({Predecessor:} 12... Qc8 13. Bd3 Nf6 14. Rac1 c5 15. dxc5 bxc5 16. Nd4 g6 17. Rfd1 Qd8 18. Nb5 Qb6 {0-1 (51) Hoffman,A (2441)-Slipak,S (2384) Buenos Aires 2019}) 13. Qxa6 Qc8 14. Qxc8 Raxc8 15. Rac1 c6 16. Rfd1 Rfd8 17. Kf1 f6 18. Rc2 Kf7 19. Ke2 Nf8 20. g4 Ne6 21. Bg3 a5 22. Nd2 h5 23. gxh5 Rh8 24. Nb1 Rxh5 25. Nc3 Rd8 26. Na4 b5 27. Nc3 Ke8 28. Rdc1 Kd7 29. Kd3 Bd6 30. Nb1 Rc8 31. Nd2 (31. Nc3 $11 {remains equal.}) 31... Bb4 (31... g5 $17) 32. Nf3 g5 33. Ke2 ({White should try} 33. h4 $1 $11) 33... a4 34. Kd3 Be7 ({Black should play} 34... g4 $15 35. Nh4 Bd6) 35. Ke2 Bd6 36. Ne1 f5 {White must now prevent ...f4.} 37. Bxd6 Kxd6 38. Nd3 Rxh2 39. Nb4 (39. Ne5 $15) 39... c5 $19 40. dxc5+ Rxc5 41. Nd3 (41. Rxc5 $142 Nxc5 42. Rc2) 41... Rc4 42. Kf3 $2 {[#]} (42. b3 {is the only way for White.} Re4 43. Kf1) 42... g4+ 43. Kg3 Rh3+ 44. Kg2 f4 {Black is clearly winning.} 45. Nxf4 Nxf4+ 46. exf4 Rf3 47. Rxc4 bxc4 48. Rc2 a3 {Accuracy: White = 57%, Black = 84%.} 0-1

[Event "BL Meisterschaftsturnier 2020"]
[Site "Karlsruhe"]
[Date "2020.09.17"]
[Round "2.15"]
[White "Polzin, Rainer"]
[Black "Zaragatski, Ilja"]
[Result "0-1"]
[WhiteElo "2415"]
[BlackElo "2517"]
[Annotator "RC"]
[PlyCount "158"]
[EventDate "2020.09.16"]
[EventType "team-tourn"]
[EventCountry "GER"]
[SourceTitle "playchess.com"]
[Source "ChessBase"]
[SourceQuality "1"]
[WhiteTeam "SF Berlin"]
[BlackTeam "Viernheim"]
[TimeControl "40/5400+30:1800+30"]

1. e4 {[%emt 0:00:00]} d5 {[%emt 0:00:03]} 2. exd5 {[%emt 0:00:00]} Qxd5 {[%emt 0:00:11]} 3. Nc3 {[%emt 0:00:00]} Qa5 {[%emt 0:00:07]} 4. d4 {[%emt 0:00:00]} Nf6 {[%emt 0:00:09]} 5. Nf3 {[%emt 0:00:00]} Bf5 {[%emt 0:00:10]} 6. Bc4 {[%emt 0:00:14]} e6 {[%emt 0:00:13]} 7. Bd2 {[%emt 0:00:11]} Bb4 {[%emt 0:00:08]} 8. Ne5 {[%emt 0:14:26]} Qb6 {[%emt 0:20:54]} 9. O-O {[%emt 0:02:15]} Qxd4 {[%emt 0:20:43]} 10. Nb5 {[%emt 0:11:35]} Qxd2 {[%emt 0:07:48]} 11. Nxc7+ {[%emt 0:01:12]} Ke7 {[%emt 0:00:11]} 12. Qf3 {[%emt 0:01:04]} Bd6 {[%emt 0:22:26]} 13. Qxb7 {[%emt 0:40:37]} Nfd7 {[%emt 0:01:15]} 14. Nf3 {[%emt 0:07:34]} Qf4 {[%emt 0:04:28]} 15. Nd5+ {[%emt 0:02:56]} exd5 {[%emt 0:00:05]} 16. Bxd5 {[%emt 0:00:11]} Kf6 {[%emt 0:08:12]} 17. Qxa8 {[%emt 0:03:19]} Nb6 {[%emt 0:02:58]} 18. Qb7 {[%emt 0:00:08]} N8d7 {[%emt 0:01:18]} 19. g3 {[%emt 0:05:36]} Qb4 {[%emt 0:01:18]} 20. Nh4 {[%emt 0:01:19]} Rb8 {[%emt 0:01:55]} 21. Qxa7 {[%emt 0:00:06]} Bxc2 {[%emt 0:01:08]} 22. Bg2 {[%emt 0:03:07]} g5 {[%emt 0:00:30]} 23. Nf3 {[%emt 0:00:14]} Ra8 {[%emt 0:03:10]} 24. Qb7 {[%emt 0:02:16]} Be4 {[%emt 0:00:05]} 25. a3 {[%emt 0:00:09]} Qc4 {[%emt 0:01:06]} 26. Nd2 {[%emt 0:01:14]} Qxf1+ {[%emt 0:00:53]} 27. Kxf1 {[%emt 0:00:58]} Bxb7 {[%emt 0:00:04]} 28. Bxb7 {[%emt 0:00:05]} Rb8 {[%emt 0:00:14]} 29. Ne4+ {[%emt 0:00:19]} Ke7 {[%emt 0:01:01]} 30. Re1 {[%emt 0:00:32]} Ne5 {[%emt 0:00:45]} 31. Ba6 {[%emt 0:01:27]} g4 {[%emt 0:00:40]} 32. Kg2 {[%emt 0:01:20]} Nbd7 {[%emt 0:00:41]} 33. b4 {[%emt 0:00:30]} Ra8 {[%emt 0:00:58]} 34. b5 {[%emt 0:01:31]} Bxa3 {[%emt 0:00:16]} 35. h3 {[%emt 0:00:06]} h5 {[%emt 0:00:26]} 36. Nc3 {[%emt 0:00:30]} Kd8 {[%emt 0:00:53]} 37. Nd5 {[%emt 0:00:06]} Bc5 {[%emt 0:00:24]} 38. hxg4 {[%emt 0:00:19]} hxg4 {[%emt 0:00:02]} 39. Rd1 {[%emt 0:01:04]} Rb8 {[%emt 0:00:29]} 40. Rh1 {[%emt 0:00:52]} Nf8 {[%emt 0:00:57]} 41. Rh5 {[%emt 0:07:42]} Nfg6 {[%emt 0:03:49]} 42. Rh1 {[%emt 0:09:50]} Ke8 {[%emt 0:01:24]} 43. Rd1 {[%emt 0:01:11]} Kf8 {[%emt 0:01:28]} 44. Rc1 {[%emt 0:06:08]} Bxf2 {[%emt 0:07:23]} 45. Rc8+ {[%emt 0:00:06]} Rxc8 {[%emt 0:00:04]} 46. Bxc8 {[%emt 0:00:08]} Bc5 {[%emt 0:05:53]} 47. b6 {[%emt 0:00:37]} Ne7 {[%emt 0:00:56]} 48. b7 {[%emt 0:00:09]} N7c6 {[%emt 0:02:46]} 49. Nf6 {[%emt 0:00:15]} Ke7 {[%emt 0:01:44]} 50. Nxg4 {[%emt 0:00:10]} Nxg4 {[%emt 0:01:28]} 51. Bxg4 {[%emt 0:00:04]} Kd6 {[%emt 0:02:14]} 52. Bf3 {[%emt 0:04:05]} Nb8 {[%emt 0:00:05]} 53. Kh3 {[%emt 0:01:10]} f6 {[%emt 0:03:39]} 54. Kg4 {[%emt 0:01:07]} Be3 {[%emt 0:01:54]} 55. Kf5 {[%emt 0:01:44]} Bg5 {[%emt 0:00:05]} 56. Ke4 {[%emt 0:01:34]} Kc7 {[%emt 0:00:04]} 57. Kd4 {[%emt 0:00:07]} Nd7 {[%emt 0:00:58]} 58. Be4 {[%emt 0:00:08]} Bd2 {[%emt 0:01:07]} 59. Bd5 {[%emt 0:01:38]} Be1 {[%emt 0:00:45]} 60. g4 {[%emt 0:00:01]} Bf2+ {[%emt 0:00:51]} 61. Ke4 {[%emt 0:00:49]} Nc5+ {[%emt 0:00:20]} 62. Kf5 {[%emt 0:00:08]} Bh4 {[%emt 0:00:06]} 63. Kg6 {[%emt 0:00:40]} Nxb7 {[%emt 0:00:07]} 64. Kf5 {[%emt 0:00:36]} Nc5 {[%emt 0:00:05]} 65. Ba2 {[%emt 0:00:41]} Kd6 {[%emt 0:00:04]} 66. Bc4 {[%emt 0:00:04]} Bg5 {[%emt 0:00:48]} 67. Ba2 {[%emt 0:00:09]} Nb7 {[%emt 0:00:52]} 68. Bb3 {[%emt 0:00:35]} Kc5 {[%emt 0:01:44]} 69. Ba2 {[%emt 0:00:14]} Kd4 {[%emt 0:00:34]} 70. Bb3 {[%emt 0:00:34]} Nd6+ {[%emt 0:00:38]} 71. Kg6 {[%emt 0:00:06]} Ke5 {[%emt 0:00:19]} 72. Ba2 {[%emt 0:00:16]} Ne4 {[%emt 0:00:36]} 73. Bb3 {[%emt 0:01:43]} Nc5 {[%emt 0:00:24]} 74. Bc2 {[%emt 0:00:45]} Kf4 {[%emt 0:01:06]} 75. Bf5 {[%emt 0:00:18]} Ne4 {[%emt 0:00:04]} 76. Be6 {[%emt 0:01:04]} Nf2 {[%emt 0:00:29]} 77. Kh5 {[%emt 0:00:07]} Kg3 {[%emt 0:00:03]} 78. Bf5 {[%emt 0:01:18]} Nh3 {[%emt 0:00:25]} 79. Kg6 {[%emt 0:00:05]} Kh4 {[%emt 0:00:21]} 0-1